000 00515nam a2200181 i 4500
001 90024
003 ES-MaACL
005 20230906180328.0
007 t|
008 050117s1973 sp ||||1| spa d
100 1 _aLeek, Sybil.
_971204
245 1 0 _aDiario de una bruja /
_cSybil Leek ; traducción del inglés, Rolando Hanglin.
250 _a[1ª ed.].
260 _aBarcelona :
_bPicazo,
_c[1973]
300 _a240 p. ;
_c20 cm.
700 1 _aHanglin, Rolando.
_961726
852 _aES-MaACL
_jC-55690
_bR.88444
999 _c90024
_d90024